5HLuxD.jpg

KING HENRY VIII SENIOR AND PRIMARY SCHOOL LIBRARY OPAC

Invisible man / (Record no. 1118)

000 -LEADER
fixed length control field 01316cam a2200409 i 4500
001 - CONTROL NUMBER
control field .b59577411
003 - CONTROL NUMBER IDENTIFIER
control field OCoLC
005 - DATE AND TIME OF LATEST TRANSACTION
control field 20211008105354.0
008 - FIXED-LENGTH DATA ELEMENTS--GENERAL INFORMATION
fixed length control field 140312r20141952enk 000 f eng d
020 ## - INTERNATIONAL STANDARD BOOK NUMBER
International Standard Book Number 9780241970560
Qualifying information (pbk.)
020 ## - INTERNATIONAL STANDARD BOOK NUMBER
International Standard Book Number 0241970563
Qualifying information (pbk.)
035 ## - SYSTEM CONTROL NUMBER
System control number (OCoLC)926997483
040 ## - CATALOGING SOURCE
Original cataloging agency SHS
Language of cataloging eng
Description conventions rda
Transcribing agency SHS
Modifying agency OCLCO
-- OCLCF
-- OCLCO
-- OCL
042 ## - AUTHENTICATION CODE
Authentication code nbic
043 ## - GEOGRAPHIC AREA CODE
Geographic area code n-us---
082 04 - DEWEY DECIMAL CLASSIFICATION NUMBER
Classification number FIC ELL
100 1# - MAIN ENTRY--PERSONAL NAME
Personal name Ellison, Ralph,
Relator term author.
245 10 - TITLE STATEMENT
Title Invisible man /
Statement of responsibility, etc. Ralph Ellison.
250 ## - EDITION STATEMENT
Edition statement Penguin essentials edition.
260 ## - PUBLICATION, DISTRIBUTION, ETC.
Date of publication, distribution, etc. 2014.
264 #1 - PRODUCTION, PUBLICATION, DISTRIBUTION, MANUFACTURE, AND COPYRIGHT NOTICE
Place of production, publication, distribution, manufacture London, England :
Name of producer, publisher, distributor, manufacturer Penguin Books,
Date of production, publication, distribution, manufacture, or copyright notice 2014.
300 ## - PHYSICAL DESCRIPTION
Extent xxiii, 581 pages ;
Dimensions 18 cm.
336 ## - CONTENT TYPE
Content type term text
Source rdacontent.
337 ## - MEDIA TYPE
Media type term unmediated
Source rdamedia.
338 ## - CARRIER TYPE
Carrier type term volume
Source rdacarrier.
490 1# - SERIES STATEMENT
Series statement Penguin essentials.
500 ## - GENERAL NOTE
General note Originally published: New York : Random House, 1952.
648 #7 - SUBJECT ADDED ENTRY--CHRONOLOGICAL TERM
Chronological term 1933-1945
Source of heading or term fast.
650 #0 - SUBJECT ADDED ENTRY--TOPICAL TERM
Topical term or geographic name entry element African American men
Form subdivision Fiction.
650 #0 - SUBJECT ADDED ENTRY--TOPICAL TERM
Topical term or geographic name entry element Racism
Geographic subdivision United States
Form subdivision Fiction.
650 #0 - SUBJECT ADDED ENTRY--TOPICAL TERM
Topical term or geographic name entry element African Americans
General subdivision Social conditions
Form subdivision Fiction.
650 #0 - SUBJECT ADDED ENTRY--TOPICAL TERM
Topical term or geographic name entry element African Americans
General subdivision Civil rights
Form subdivision Fiction.
651 #0 - SUBJECT ADDED ENTRY--GEOGRAPHIC NAME
Geographic name United States
General subdivision Race relations
Form subdivision Fiction.
651 #0 - SUBJECT ADDED ENTRY--GEOGRAPHIC NAME
Geographic name United States
General subdivision Social conditions
Chronological subdivision 1933-1945
Form subdivision Fiction.
830 #0 - SERIES ADDED ENTRY--UNIFORM TITLE
Uniform title Penguin essentials.
942 ## - ADDED ENTRY ELEMENTS (KOHA)
Source of classification or shelving scheme
Koha item type Books - Fiction
Holdings
Withdrawn status Lost status Source of classification or shelving scheme Damaged status Not for loan Collection code Permanent Location Current Location Shelving location Date acquired Total Checkouts Total Renewals Full call number Barcode Date last seen Date last checked out Price effective from Koha item type
          Fiction KH8 Senior School Library KH8 Senior School Library Young Adult 2021-10-08 6 2 FIC ELL 3KHSL000101845 2026-02-23 2026-02-04 2021-10-08 Books - Fiction

Powered By KH8 IT Dept